书目信息 |
| 题名: |
新疆古建筑
|
|
| 作者: | 范霄鹏 编著 | |
| 分册: | ||
| 出版信息: | 北京 中国建筑工业出版社 2015 |
|
| 页数: | 193页 | |
| 开本: | 29cm | |
| 丛书名: | 中国古建筑丛书 | |
| 单 册: | ||
| 中图分类: | K928.714.5 | |
| 科图分类: | ||
| 主题词: | 古建筑--介绍--新疆 | |
| 电子资源: | ||
| ISBN: | 978-7-112-18833-8 | |
| 000 | 01018nam0 2200241 450 | |
| 001 | 0100004349 | |
| 005 | 20190312084422.20 | |
| 010 | @a978-7-112-18833-8@b精装@dCNY268.00 | |
| 100 | @a20160315d2015 em y0chiy50 ea | |
| 101 | 0 | @achi |
| 102 | @aCN@b110000 | |
| 105 | @aa z 001yy | |
| 200 | 1 | @a新疆古建筑@Axin jiang gu jian zhu@f范霄鹏编著 |
| 210 | @a北京@c中国建筑工业出版社@d2015 | |
| 215 | @a193页@c图@d29cm | |
| 225 | 1 | @a中国古建筑丛书@f陆琦,戴志坚总主编 |
| 300 | @a国家出版基金项目 国家重点出版工程项目 “十二五”国家重点图书 | |
| 330 | @a本书系统论述我国新疆地区古代建筑发展、各类型建筑的分布及特点。按古建筑类型分类编写,每一种类型选择当地最具代表性的建筑,按其历史年代、构造类型、细部装饰等方面全面阐述,不仅展现我国古建筑的建造知识,还对其历史文化、人文特点等作综合介绍,使其全面反映中国古代建筑的卓越成就。 | |
| 606 | 0 | @a古建筑@x介绍@y新疆 |
| 690 | @aK928.714.5@v5 | |
| 701 | 0 | @a范霄鹏@f(1964~)@Afan xiao peng@4编著 |
| 801 | 0 | @aCN@c20160515 |
| 905 | @a河南城建学院图书馆@dK928.714.5@eF144 | |
| 新疆古建筑/范霄鹏编著.-北京:中国建筑工业出版社,2015 |
| 193页:图;29cm.-(中国古建筑丛书/陆琦,戴志坚总主编) |
| 国家出版基金项目 国家重点出版工程项目 “十二五”国家重点图书 |
| ISBN 978-7-112-18833-8(精装):CNY268.00 |
| 本书系统论述我国新疆地区古代建筑发展、各类型建筑的分布及特点。按古建筑类型分类编写,每一种类型选择当地最具代表性的建筑,按其历史年代、构造类型、细部装饰等方面全面阐述,不仅展现我国古建筑的建造知识,还对其历史文化、人文特点等作综合介绍,使其全面反映中国古代建筑的卓越成就。 |
| ● |
| 相关链接 |
|
|
|
正题名:新疆古建筑
索取号:K928.714.5/F144
 
预约/预借
| 序号 | 登录号 | 条形码 | 馆藏地/架位号 | 状态 | 备注 |
| 1 | 1244828 | 212448289 | 社科库309/309社科库 18排3列2层/ [索取号:K928.714.5/F144] | 在馆 | |
| 2 | 1284879 | 212848793 | 市委展示图书/309社科库 18排3列2层/ [索取号:K928.714.5/F144] | 在馆 |